Language Quiz

Random Language or Sporcle Quiz

4-Letter Sporcle Words Quiz Stats

 Plays Quiz Updated Oct 15, 2017

Challenge
Share
Tweet
Embed
Score 0/45 Timer 05:00
1 Play Today
4-Letter Word % Correct
pore
92%
core
85.6%
rope
84.5%
sore
82.9%
lore
81.7%
pole
80.3%
role
78.8%
sole
74.6%
cole
71.8%
cope
68.6%
lope
66.9%
rose
65.7%
clop
65.6%
cops
64.9%
pose
62.2%
lose
61.9%
crop
61.6%
lops
57.3%
slop
49.2%
cels
44.6%
reps
38.7%
ores
38.6%
pros
36.4%
4-Letter Word % Correct
cols
33.6%
cors
32.8%
sloe
30%
ceps
30%
pols
29.5%
spec
27.7%
orcs
26.2%
roes
24.4%
oles
23.2%
opes
22.7%
rocs
22.2%
eros
20%
recs
19.3%
repo
18.5%
pecs
17.8%
scop
14.7%
cero
14.3%
perc
13.8%
peso
8.8%
epos
8.4%
ecos
6.3%
orle
6.2%

You're not logged in!

Compare scores with friends on all Sporcle quizzes.
Join for Free
OR
Log In

You Might Also Like...

Show Comments

Extras

Top Quizzes Today


Score Distribution

Your Account Isn't Verified!

In order to create a playlist on Sporcle, you need to verify the email address you used during registration. Go to your Sporcle Settings to finish the process.

Report this User

Report this user for behavior that violates our Community Guidelines.

Details: